| 000 | 00486nam a2200181Ia 4500 | ||
|---|---|---|---|
| 001 | 10709 | ||
| 005 | 20260306161852.0 | ||
| 008 | 260306t1974||||xx |||||||||||||| ||spa|| | ||
| 041 | _aESP | ||
| 082 |
_a946.082 _bR71 |
||
| 100 |
_aRobinson, Richard A. H. _eAUT |
||
| 245 | 0 |
_aLos orígenes de la España de Franco: _bderecha, república y revolución 1931-1936 |
|
| 260 | _c1974 | ||
| 300 |
_a551 páginas : _c20 cm. |
||
| 650 | _aGEN | ||
| 654 | _aCHU | ||
| 942 |
_cLIB _dJUS _fJUS _2ddc _n |
||
| 999 |
_c10709 _d10709 |
||